Babcock journal of history and international studies. (Record no. 38088)

MARC details
000 -LEADER
fixed length control field 00609nam a2200169Ia 4500
022 ## - INTERNATIONAL STANDARD SERIAL NUMBER
ISSN 15971563
050 ## - CALL MARK
Classification number H 53.A34 .B33/
245 #0 - TITLE STATEMENT
Title Babcock journal of history and international studies.
260 ## - PUBLICATION, DISTRIBUTION, ETC. (IMPRINT)
Place of publication Ogun state, Nigeria
260 ## - PUBLICATION, DISTRIBUTION, ETC. (IMPRINT)
Name of publisher Nigerian Mining, Geological, and Metallurgical Society
260 ## - PUBLICATION, DISTRIBUTION, ETC. (IMPRINT)
Year of publication 2019
300 ## - PHYSICAL DESCRIPTION
Number of Pages vii, 194 p. :ill. ; 24 cm.
650 ## - SUBJECT ADDED ENTRY--TOPICAL TERM
Topical Term Social sciences--Africa--Periodicals. Social sciences--Nigeria--Periodicals. Africa--History--Periodicals. Nigeria--History--Periodicals.
942 ## - ADDED ENTRY ELEMENTS (KOHA)
Koha item type Serials

No items available.